000 00394nam a2200157 i 4500
001 bg
100 1 _aMUSZYŃSKI, Kazimierz
245 0 _aMały domek na działce /
_cKazimierz Muszyński, Jan Szymański.
250 _aWyd.5 uzup.
260 _aWarszawa,
_c1980.
700 1 _aSZYMAŃSKI, Jan
040 _cBPK
041 _apol
942 _cKS
008 s pl f |000 0 pol
999 _c19055
_d19055
856 _uhttp://koha.tu.koszalin.pl/cgi-bin/koha/opac-detail.pl?biblionumber=19055
_yKatalog online BPK